000 00850cam a22002777a 4500
003 CHAP
005 20220329140308.0
008 971013s r 00010 d
010 _a49923
011 _a50895
035 _a55045
040 _cCHAP
090 _aR-2950
100 0 0 _aRodrĂ­guez Jr., C. J.
_998617
245 0 _aRaces of the pathogen and resistence to coffee rust
500 _aSobretiro de : Ann. Review of Phytopathology 13 : 45-70, 1975
590 _aBATCH-UPD
_b10
_c20130110
_lUCH01
_h0854
590 _aBATCH-UPD
_b10
_c20130410
_lUCH01
_h0525
590 _aBATCH-UPD
_b10
_c20130914
_lUCH01
_h0808
590 _aCONVERSION
_b10
_c20130109
_lUCH01
_h1327
650 1 4 _aCafé
_xEnfermedades.
_917136
650 1 4 _aHemileia vastatrix.
_953502
901 _aBK
942 _cREIMP
949 _aR-2950
_bBC
_cR
_d-121050
_eTS1
_i55045
_si
999 _c49923
_d49923